书目信息 |
| 题名: |
水泥煅烧窑外分解技术
|
|
| 作者: | ;建筑材料科学研究院水泥研究所 编 | |
| 分册: | ||
| 出版信息: | 北京 中国建筑工业出版社 1979 |
|
| 页数: | 130页 | |
| 开本: | 20cm | |
| 丛书名: | ||
| 单 册: | ||
| 中图分类: | TQ172.6 , TQ172.06 | |
| 科图分类: | ||
| 主题词: | 水泥--化学工业 | |
| 电子资源: | ||
| ISBN: | ||
| 000 | 00759nam0 2200253 45 | |
| 001 | 0179006421 | |
| 005 | 20040518093543.6 | |
| 010 | @dCNY0.42 | |
| 091 | @a15040.3586 | |
| 100 | @a19950728d1979 em y0chiy0121 ea | |
| 101 | 0 | @achi |
| 102 | @aCN@b110000 | |
| 105 | @ay z 000yy | |
| 106 | @ar | |
| 200 | 10 | @a水泥煅烧窑外分解技术@Ashui ni duan shao yao wai fen jie ji shu@f建筑材料科学研究院水泥研究所编 |
| 210 | @a北京@c中国建筑工业出版社@d1979 | |
| 215 | @a130页@d20cm | |
| 300 | @a建筑材料研究报告 | |
| 606 | 0 | @a水泥@x化学工业 |
| 690 | @aTQ172.6@v3 | |
| 690 | @aTQ172.06 | |
| 711 | 02 | @a建筑材料科学研究院水泥研究所@Ajian zhu cai liao ke xue yan jiu yuan shui ni yan jiu suo@4编 |
| 801 | 0 | @aCN@bNLC@c20040518 |
| 905 | @f1@b15353@dTQ172.06@e2 | |
| 水泥煅烧窑外分解技术/建筑材料科学研究院水泥研究所编.-北京:中国建筑工业出版社,1979 |
| 130页;20cm |
| 建筑材料研究报告 |
| ISBN :CNY0.42 |
| ● |
| 相关链接 |
|
|
|
|
正题名:水泥煅烧窑外分解技术
索取号:TQ172.06/2
 
预约/预借
| 序号 | 登录号 | 条形码 | 馆藏地/架位号 | 状态 | 备注 |
| 1 | 0015353 | 001647098 | 第三借阅区/ [索取号:TQ172.06/2] | 在馆 | |
| 2 | 0015354 | 001646981 | 第二样本阅览室/ [索取号:TQ172.06/2] | 在馆 |